000 00379cam a2200157ua 4500
041 _aeng
_h
082 _a823.301
_bCHA/ZO
100 _aChaplina, Vera .
245 _aZoo babies /
_cVera Chaplina.
_hTextual Documents
250 _a1 /
_b.
260 _aMoscow :
_bForeign Language Publishing House.
300 _a207 ; .
504 _a
942 _cBK
999 _c6807
_d6807